[Event "34th Zalakaros Open 2015"]
[Site "Zalakaros HUN"]
[Date "2015.05.22"]
[Round "9.34"]
[White "Farkas, Richard"]
[Black "Vegh, Endre"]
[Result "1/2-1/2"]
[BlackTitle "IM"]
[WhiteElo "2265"]
[BlackElo "2272"]
[WhiteFideId "703850"]
[BlackFideId "700568"]
[EventDate "2015.05.14"]

1. e4 d6 2. d4 Nf6 3. Nc3 c6 4. Nf3 Bg4 5. h3 Bh5 6. Qe2 e6 7. g4 Bg6 8. h4 h5
9. g5 Nfd7 10. Bd2 Be7 11. O-O-O O-O 12. Ne1 d5 13. exd5 cxd5 14. Qe3 Nc6 15.
Bd3 Bxd3 16. Nxd3 g6 17. Rhe1 Qb6 18. Ne2 Bd6 19. Bc3 Rac8 20. Ndf4 Rfe8 21. Kb1
Na5 22. Bxa5 Qxa5 23. Qd2 Qc7 1/2-1/2

[Event "34th Zalakaros Open 2015"]
[Site "Zalakaros HUN"]
[Date "2015.05.22"]
[Round "9.35"]
[White "Marosi, Levente"]
[Black "Nomin-Erdene, Davaademberel"]
[Result "1/2-1/2"]
[WhiteTitle "FM"]
[BlackTitle "WFM"]
[WhiteElo "2153"]
[BlackElo "2337"]
[WhiteFideId "747181"]
[BlackFideId "4900782"]
[EventDate "2015.05.14"]

1. e4 c6 2. Nc3 d5 3. Nf3 dxe4 4. Nxe4 Nf6 5. Qe2 Bf5 6. d3 Qc7 7. h3 Nbd7 8. g4
Bg6 9. Bg2 Nxe4 10. dxe4 e5 11. Nh4 O-O-O 12. Be3 f6 13. Nxg6 hxg6 14. O-O-O Bc5
15. h4 Qa5 16. a3 Qb6 17. g5 Bxe3+ 18. Qxe3 Qxe3+ 19. fxe3 Kc7 20. Bf3 fxg5 21.
hxg5 Nc5 22. Rxh8 Rxh8 23. b4 Rf8 24. Bg4 Nxe4 25. Rd7+ Kb8 26. Rxg7 Rf1+ 27.
Kb2 Rg1 28. Be2 Rxg5 29. Bd3 Nd6 30. Re7 Kc8 31. Kb3 e4 32. Bc4 Rg3 33. c3 a6
34. Be6+ Kb8 35. Rd7 Nb5 36. a4 Nc7 37. Rd8+ Ka7 38. Bf7 Rxe3 39. Rd7 Nd5 40.
Bxd5 cxd5 41. Rxd5 Re1 42. Kc2 Re2+ 43. Kd1 Rg2 44. Re5 Rg4 45. Kd2 g5 46. a5
Rg2+ 47. Ke3 Rg3+ 48. Kd4 Rg1 49. Kxe4 g4 50. Rc5 Rf1 51. Rg5 Rg1 52. Rc5 g3 53.
Kf3 Kb8 54. Rg5 Rc1 55. Rc5 Rg1 56. Rg5 Rc1 57. Rc5 1/2-1/2

[Event "34th Zalakaros Open 2015"]
[Site "Zalakaros HUN"]
[Date "2015.05.22"]
[Round "9.36"]
[White "Tantsiura, Maria"]
[Black "Dankhazi, Andras"]
[Result "1/2-1/2"]
[WhiteTitle "WIM"]
[BlackTitle "FM"]
[WhiteElo "2262"]
[BlackElo "2223"]
[WhiteFideId "14124327"]
[BlackFideId "714267"]
[EventDate "2015.05.14"]

1. e4 e5 2. Nf3 Nc6 3. Bb5 Nf6 4. d3 Bc5 5. c3 O-O 6. Bxc6 bxc6 7. Nxe5 d5 8. d4
Nxe4 9. O-O Bd6 10. f3 Bxe5 11. fxe4 Bd6 12. e5 Be7 13. Be3 f6 14. exf6 Bxf6 15.
Nd2 Re8 16. Bf4 c5 17. Nb3 cxd4 18. cxd4 Ba6 19. Rf2 Re4 20. Nc5 Rxd4 21. Qe1
Bc8 22. Bxc7 Qf8 1/2-1/2

[Event "34th Zalakaros Open 2015"]
[Site "Zalakaros HUN"]
[Date "2015.05.22"]
[Round "9.37"]
[White "Boguszlavszkij, Jevgenyij"]
[Black "Balint, Vilmos"]
[Result "1-0"]
[WhiteTitle "IM"]
[WhiteElo "2216"]
[BlackElo "2238"]
[WhiteFideId "700614"]
[BlackFideId "718050"]
[EventDate "2015.05.14"]

1. g3 f5 2. Bg2 Nf6 3. Nf3 g6 4. b3 Bg7 5. Bb2 d6 6. d4 O-O 7. O-O e6 8. Nbd2 a5
9. a4 Nc6 10. Nc4 Ne4 11. e3 Nb4 12. c3 Nd5 13. Qc2 Bd7 14. Ne1 Bc6 15. Nd3 g5
16. Rae1 g4 17. Nd2 Ng5 18. f4 gxf3 19. Nxf3 Ne4 20. c4 Ndf6 21. Nf4 Qe7 22. d5
exd5 23. Nd4 dxc4 24. Nxf5 Qf7 25. Nxg7 cxb3 26. Qe2 Qxg7 27. Bxe4 Bxe4 28. Nh5
Nxh5 29. Bxg7 Nxg7 30. Qc4+ d5 31. Qxb3 Ne6 32. h4 b6 33. Qc3 Rf7 34. Rxf7 Kxf7
35. Rf1+ Ke7 36. Qe5 Re8 37. g4 Kd7 38. Rf7+ Re7 39. Rxe7+ Kxe7 40. g5 Kd7 41.
h5 c5 42. g6 hxg6 43. h6 Nf8 44. Qf6 Ke8 45. Qxb6 1-0

[Event "34th Zalakaros Open 2015"]
[Site "Zalakaros HUN"]
[Date "2015.05.22"]
[Round "9.38"]
[White "Laza, Szabolcs"]
[Black "Csati, Oliver"]
[Result "0-1"]
[WhiteElo "2176"]
[BlackElo "2189"]
[WhiteFideId "741345"]
[BlackFideId "702170"]
[EventDate "2015.05.14"]

1. d4 f5 2. Nf3 Nf6 3. g3 g6 4. Bg2 Bg7 5. O-O O-O 6. c4 d6 7. Nc3 c6 8. d5 e5
9. e4 fxe4 10. Ng5 Bg4 11. Qb3 Qd7 12. c5 Kh8 13. cxd6 cxd5 14. Nxd5 Nc6 15.
Nxf6 Bxf6 16. Nxe4 Bg7 17. Nc5 Qxd6 18. Qxb7 Nd4 19. Qd5 Qxd5 20. Bxd5 Rac8 21.
b4 e4 22. Be3 Ne2+ 23. Kg2 Bf3+ 24. Kh3 Rf5 0-1